000 00497nam a2200205Ia 4500
008 170918s9999 xx 000 0 und d
020 _a9780545215794
050 _bB852 1975
100 _aBridwell, Norman
245 _aClifford's good deeds /
245 _cNorman Bridwell.
260 _aNew York :
260 _bScholastic,
260 _c1975
300 _aunpaged :
300 _bcolored illustration ;
300 _c20cm.
440 _aClifford the big red dog.
500 _a410
999 _c342680
_d342680